[Event "Cali IRT Deptal Valle-ch"]
[Site "Cali"]
[Date "2011.04.21"]
[Round "8.2"]
[White "Morales, Jhon Alexander"]
[Black "Alvarez, Javier"]
[Result "1/2-1/2"]
[WhiteElo "2324"]
[BlackElo "2189"]
[PlyCount "26"]
[EventDate "2011.03.18"]
[EventType "swiss"]
[EventRounds "8"]
[EventCountry "COL"]
[SourceTitle "EXT 2024"]
[Source "ChessBase"]
[SourceDate "2023.10.10"]
[SourceVersion "1"]
[SourceVersionDate "2023.10.10"]
[SourceQuality "1"]

1. d4 Nf6 2. Bg5 Ne4 3. Bf4 d5 4. e3 Bf5 5. Nf3 e6 6. Be2 Be7 7. 0-0 0-0 8. c4 dxc4 9. Bxc4 Nd7 10. Nc3 Nb6 11. Bd3 Nxc3 12. bxc3 Nd5 13. Bxf5 exf5 1/2-1/2

[Event "Manizales op 23rd"]
[Site "Caldas"]
[Date "2011.01.09"]
[Round "7"]
[White "Rios Gomez, Cristhian Camilo"]
[Black "Alvarez, Javier"]
[Result "1-0"]
[WhiteElo "2403"]
[BlackElo "2187"]
[PlyCount "21"]
[EventDate "2011.01.06"]
[EventType "swiss"]
[EventRounds "7"]
[EventCountry "COL"]
[SourceTitle "CBM 140 Extra"]
[Source "ChessBase"]
[SourceDate "2011.03.01"]
[SourceVersion "1"]
[SourceVersionDate "2011.03.01"]
[SourceQuality "1"]

1. d4 Nf6 2. c4 g6 3. Nc3 Bg7 4. e4 d6 5. f4 0-0 6. Nf3 c5 7. d5 e6 8. Be2 exd5 9. exd5 Re8 10. 0-0 Bf5 11. Bd3 1-0

[Event "Cali Deptal Valle"]
[Site "Cali"]
[Date "2010.05.17"]
[Round "7"]
[White "Ossa, Orlando Jose"]
[Black "Alvarez, Javier"]
[Result "1-0"]
[WhiteElo "2236"]
[BlackElo "2178"]
[PlyCount "69"]
[EventDate "2010.05.14"]
[EventType "swiss"]
[EventRounds "8"]
[EventCountry "COL"]
[SourceTitle "EXT 2024"]
[Source "ChessBase"]
[SourceDate "2023.10.10"]
[SourceVersion "1"]
[SourceVersionDate "2023.10.10"]
[SourceQuality "1"]

1. a3 g6 2. e4 Bg7 3. d4 d6 4. Nf3 Nf6 5. Bd3 0-0 6. b4 c5 7. c3 Nbd7 8. 0-0 c4 9. Bc2 a5 10. b5 a4 11. Nbd2 Nb6 12. Rb1 Bd7 13. Qe2 d5 14. Re1 e6 15. e5 Ne8 16. Nf1 h6 17. Ne3 Kh7 18. Ng4 Rh8 19. Bf4 Kg8 20. Qe3 h5 21. Bg5 Qc7 22. Nf6+ Nxf6 23. exf6 Bf8 24. Ne5 Be8 25. Qg3 Nd7 26. b6 Qd6 27. Bf4 Nxe5 28. Rxe5 Qxa3 29. Rxe6 Qa2 30. Re2 Rh6 31. Bxh6 Bxh6 32. Rbe1 Bc6 33. Bxg6 Qa3 34. Bxf7+ Kxf7 35. Re7+ 1-0

[Event "Cali op"]
[Site "Cali"]
[Date "2009.12.27"]
[Round "3"]
[White "Alvarez, Javier"]
[Black "Zapata Cuartas, Juan Carlos"]
[Result "0-1"]
[WhiteElo "2158"]
[BlackElo "2174"]
[PlyCount "150"]
[EventDate "2009.12.26"]
[EventType "swiss"]
[EventRounds "9"]
[EventCountry "COL"]
[SourceTitle "CBM 134 Extra"]
[Source "ChessBase"]
[SourceDate "2010.03.03"]
[SourceVersion "1"]
[SourceVersionDate "2010.03.03"]
[SourceQuality "1"]

1. e4 c5 2. Nf3 d6 3. d4 cxd4 4. Nxd4 Nf6 5. Nc3 a6 6. g3 e5 7. Nb3 Be6 8. Bg2 Be7 9. 0-0 0-0 10. Re1 Nbd7 11. a4 Nb6 12. Nd2 Rc8 13. Nf1 Qc7 14. Ne3 Rfd8 15. a5 Nbd7 16. Re2 Nb8 17. Ncd5 Bxd5 18. exd5 Nbd7 19. b4 g6 20. c4 b6 21. Rea2 bxa5 22. Rxa5 Qb6 23. Rxa6 Qxb4 24. Ba3 Qb8 25. Rb1 Qc7 26. Rc6 Qa7 27. Bxd6 Rxc6 28. Bxe7 Rcc8 29. Bxd8 Rxd8 30. Ra1 Qc5 31. Ra6 Kg7 32. Qa1 Rb8 33. Rc6 Qd4 34. Qc1 Ne4 35. h4 Nxf2 36. Kxf2 Rb2+ 37. Ke1 Nf6 38. Ra6 Rxg2 39. Nxg2 Qg1+ 40. Kd2 Ne4+ 41. Kc2 Qxg2+ 42. Kb1 Nd2+ 43. Ka2 Nxc4+ 44. Kb3 Nd2+ 45. Ka4 Qxd5 46. Rc6 Qb3+ 47. Ka5 Ne4 48. h5 Qa2+ 49. Kb6 Qf2+ 50. Kb7 Qd2 51. h6+ Qxh6 52. Qe1 f5 53. Qa5 Qd2 54. Qxe5+ Kh6 55. Qe7 Qb2+ 56. Ka6 Qe2+ 57. Kb7 Qb5+ 58. Kc7 Qa5+ 59. Kb7 Qb5+ 60. Kc7 Qa5+ 61. Kb7 Qd5 62. Qh4+ Kg7 63. Kb6 Qd4+ 64. Ka5 Qa7+ 65. Kb5 Qb7+ 66. Rb6 Nd6+ 67. Kc5 Qc7+ 68. Rc6 Nb7+ 69. Kb5 Qa5+ 70. Kc4 Qa4+ 71. Kd3 Qxc6 72. Qe7+ Kh6 73. Qh4+ Kg7 74. Qe7+ Kg8 75. Ke2 Qe4+ 0-1

[Event "Medellin Americas op"]
[Site "Medellin"]
[Date "2009.11.16"]
[Round "9"]
[White "Vittorino, Carlo Giovanni"]
[Black "Alvarez, Javier"]
[Result "1-0"]
[WhiteElo "2323"]
[BlackElo "2158"]
[PlyCount "41"]
[EventDate "2009.11.12"]
[EventType "swiss"]
[EventRounds "9"]
[EventCountry "COL"]
[SourceTitle "EXT 2010"]
[Source "ChessBase"]
[SourceDate "2010.11.25"]
[SourceVersion "1"]
[SourceVersionDate "2010.11.25"]
[SourceQuality "1"]

1. e4 c5 2. Nf3 d6 3. c3 Nf6 4. h3 Nc6 5. Bd3 g6 6. Bc2 Bg7 7. 0-0 0-0 8. d4 cxd4 9. cxd4 d5 10. e5 Ne4 11. Re1 Qb6 12. Nc3 Nxc3 13. bxc3 Na5 14. Nd2 Qc7 15. Ba3 Bh6 16. Nf1 b6 17. Qf3 Be6 18. Qg3 Rad8 19. Bc1 Bg7 20. f4 Qd7 21. Ne3 1-0

[Event "Bogota op 4th"]
[Site "Bogota"]
[Date "2009.11.02"]
[Round "9"]
[White "Zuluaga Mancilla, Cesar"]
[Black "Alvarez, Javier"]
[Result "1-0"]
[WhiteElo "2303"]
[BlackElo "2158"]
[PlyCount "41"]
[EventDate "2009.10.29"]
[EventType "swiss"]
[EventRounds "9"]
[EventCountry "COL"]
[SourceTitle "EXT 2010"]
[Source "ChessBase"]
[SourceDate "2010.11.25"]
[SourceVersion "1"]
[SourceVersionDate "2010.11.25"]
[SourceQuality "1"]

1. d4 Nf6 2. c4 e6 3. a3 Be7 4. Nc3 0-0 5. Nf3 c5 6. e4 cxd4 7. Nxd4 d6 8. Be2 Nc6 9. Be3 Nxd4 10. Bxd4 b6 11. 0-0 Bb7 12. f3 Ne8 13. Qb3 e5 14. Bf2 Nc7 15. Rfd1 Qe8 16. Nb5 Nxb5 17. cxb5 Qd7 18. a4 Kh8 19. Bc4 f6 20. Be6 Qd8 21. Rac1 1-0

[Event "Bogota op 4th"]
[Site "Bogota"]
[Date "2009.11.01"]
[Round "6"]
[White "Alvarez, Javier"]
[Black "Gutierrez Herrera, Jose Antonio"]
[Result "1-0"]
[WhiteElo "2158"]
[BlackElo "2250"]
[PlyCount "89"]
[EventDate "2009.10.29"]
[EventType "swiss"]
[EventRounds "9"]
[EventCountry "COL"]
[SourceTitle "EXT 2010"]
[Source "ChessBase"]
[SourceDate "2010.11.25"]
[SourceVersion "1"]
[SourceVersionDate "2010.11.25"]
[SourceQuality "1"]

1. e4 Nf6 2. e5 Nd5 3. d4 d6 4. c4 Nb6 5. exd6 cxd6 6. Nf3 g6 7. b3 Bg7 8. Bb2 d5 9. c5 N6d7 10. Nc3 Nf6 11. Bd3 0-0 12. h3 Nc6 13. 0-0 Ne8 14. Bb5 Nc7 15. Re1 Nxb5 16. Nxb5 Bf5 17. Nh4 Be6 18. Nf3 Bf5 19. Nh4 Bd7 20. Nf3 Nb4 21. Qd2 a5 22. a3 Nc6 23. Nc3 e6 24. Na4 Qc7 25. Nb6 Ra6 26. b4 axb4 27. axb4 Na7 28. Rxa6 bxa6 29. Nxd7 Qxd7 30. Ra1 Qb7 31. Ne5 Rb8 32. Nd3 Nc6 33. Qf4 Nxb4 34. Nxb4 Qxb4 35. Bc3 Qb3 36. Rxa6 Rf8 37. Qc1 Qc4 38. Qa1 Rb8 39. Ra8 Rxa8 40. Qxa8+ Bf8 41. Bb2 Qc2 42. Qb8 Kg7 43. Qb7 Kg8 44. Qb8 e5 45. c6 1-0

[Event "Bogota op 4th"]
[Site "Bogota"]
[Date "2009.10.31"]
[Round "5"]
[White "Mateus, Alejandro"]
[Black "Alvarez, Javier"]
[Result "0-1"]
[WhiteElo "2241"]
[BlackElo "2158"]
[PlyCount "54"]
[EventDate "2009.10.29"]
[EventType "swiss"]
[EventRounds "9"]
[EventCountry "COL"]
[SourceTitle "EXT 2010"]
[Source "ChessBase"]
[SourceDate "2010.11.25"]
[SourceVersion "1"]
[SourceVersionDate "2010.11.25"]
[SourceQuality "1"]

1. e4 c5 2. c3 Nf6 3. e5 Nd5 4. d4 cxd4 5. Nf3 b6 6. cxd4 Bb7 7. Nc3 e6 8. Bd3 d6 9. 0-0 Be7 10. Ne4 0-0 11. Nfg5 h6 12. Qh5 dxe5 13. dxe5 Nf4 14. Bxf4 Qxd3 15. Rfd1 Qc2 16. Rac1 Qxb2 17. Rc7 Bxg5 18. Nxg5 hxg5 19. Rxf7 Rxf7 20. Rd8+ Rf8 21. Rxf8+ Kxf8 22. Qh8+ Kf7 23. Qh5+ Ke7 24. Bxg5+ Kd7 25. Qf7+ Kc6 26. Qe8+ Kd5 27. Qd8+ Kc4 0-1

[Event "Yumbo Mayor"]
[Site "Yumbo"]
[Date "2009.03.29"]
[Round "8"]
[White "Herrera, Juan Sebastian"]
[Black "Alvarez, Javier"]
[Result "1-0"]
[WhiteElo "2109"]
[BlackElo "2144"]
[PlyCount "41"]
[EventDate "2009.03.25"]
[EventType "tourn"]
[EventRounds "9"]
[EventCountry "COL"]
[SourceTitle "EXT 2011"]
[Source "ChessBase"]
[SourceDate "2010.11.26"]
[SourceVersion "1"]
[SourceVersionDate "2010.11.26"]
[SourceQuality "1"]

1. e4 c5 2. Nf3 d6 3. d4 cxd4 4. Nxd4 Nf6 5. Nc3 Nc6 6. Be2 e5 7. Nb3 Be7 8. 0-0 0-0 9. f4 a5 10. a4 Nb4 11. Kh1 Be6 12. f5 Bxb3 13. cxb3 d5 14. exd5 Nbxd5 15. Nxd5 Qxd5 16. Be3 Qe4 17. Bb6 Qc6 18. Be3 Rfd8 19. Qe1 Qc2 20. Bc4 Qxb2 21. Rf2 1-0

[Event "Yumbo Mayor"]
[Site "Yumbo"]
[Date "2009.03.26"]
[Round "2"]
[White "Alvarez, Javier"]
[Black "Beltran, Carlos Armando"]
[Result "1/2-1/2"]
[WhiteElo "2144"]
[BlackElo "2246"]
[PlyCount "37"]
[EventDate "2009.03.25"]
[EventType "tourn"]
[EventRounds "9"]
[EventCountry "COL"]
[SourceTitle "EXT 2011"]
[Source "ChessBase"]
[SourceDate "2010.11.26"]
[SourceVersion "1"]
[SourceVersionDate "2010.11.26"]
[SourceQuality "1"]

1. e4 c5 2. Nf3 Nc6 3. d4 cxd4 4. Nxd4 Nf6 5. Nc3 d6 6. Bg5 e6 7. f4 h6 8. Bh4 Be7 9. Bc4 Nxe4 10. Bxe7 Nxc3 11. Bxd8 Nxd1 12. Rxd1 Nxd4 13. Rxd4 Kxd8 14. Rxd6+ Ke7 15. Rd3 Bd7 16. Kf2 Rhc8 17. Rd4 a5 18. Rhd1 Be8 19. R1d2 1/2-1/2

[Event "Cali op"]
[Site "Cali"]
[Date "2008.12.30"]
[Round "9"]
[White "Alvarez, Javier"]
[Black "Barreiro Acosta, Frank"]
[Result "0-1"]
[WhiteElo "2144"]
[BlackElo "2084"]
[PlyCount "41"]
[EventDate "2008.12.26"]
[EventType "swiss"]
[EventRounds "9"]
[EventCountry "COL"]
[SourceTitle "CBM 128 Extra"]
[Source "ChessBase"]
[SourceDate "2009.03.05"]
[SourceVersion "2"]
[SourceVersionDate "2009.03.25"]
[SourceQuality "1"]

1. e4 e5 2. Nf3 Nc6 3. Bb5 a6 4. Ba4 Nf6 5. 0-0 Be7 6. Qe2 b5 7. Bb3 0-0 8. c3 d6 9. h3 Na5 10. Bc2 c5 11. Rd1 Qc7 12. d4 Bd7 13. b3 cxd4 14. cxd4 Nc6 15. Ba3 exd4 16. e5 dxe5 17. Bxe7 Nxe7 18. Nxe5 Bf5 19. Bxf5 Nxf5 20. g4 Nh4 21. Rxd4 0-1

[Event "Cali op"]
[Site "Cali"]
[Date "2008.12.27"]
[Round "3"]
[White "Alvarez, Javier"]
[Black "Vargas Benavides, Mauricio"]
[Result "1-0"]
[WhiteElo "2144"]
[BlackElo "1965"]
[PlyCount "57"]
[EventDate "2008.12.26"]
[EventType "swiss"]
[EventRounds "9"]
[EventCountry "COL"]
[SourceTitle "CBM 128 Extra"]
[Source "ChessBase"]
[SourceDate "2009.03.05"]
[SourceVersion "2"]
[SourceVersionDate "2009.03.25"]
[SourceQuality "1"]

1. e4 c5 2. Nf3 d6 3. d4 cxd4 4. Nxd4 Nf6 5. Nc3 a6 6. Bg5 e6 7. f4 Be7 8. Qf3 Qc7 9. 0-0-0 h6 10. Bh4 Nbd7 11. g4 g5 12. e5 dxe5 13. fxg5 hxg5 14. Bg3 Qb6 15. Nb3 Qb4 16. Be2 e4 17. Qe3 Nc5 18. Qxg5 Rg8 19. Qe5 Ncd7 20. Qd4 Nxg4 21. Nxe4 Qxd4 22. Nxd4 Nge5 23. Rhf1 Rh8 24. Kb1 b5 25. Bxb5 axb5 26. Nxb5 Bd8 27. Ned6+ Ke7 28. Rde1 Rh5 29. Bxe5 1-0

[Event "Pan American-ch U20"]
[Site "Cali"]
[Date "2008.06.12"]
[Round "5"]
[White "Alvarez, Javier"]
[Black "Sanchez, Andres Gilberto"]
[Result "0-1"]
[WhiteElo "2147"]
[BlackElo "1947"]
[PlyCount "66"]
[EventDate "2008.06.10"]
[EventType "swiss"]
[EventRounds "9"]
[EventCountry "COL"]
[SourceTitle "CBM 124 Extra"]
[Source "ChessBase"]
[SourceDate "2008.07.03"]
[SourceVersion "1"]
[SourceVersionDate "2008.07.03"]
[SourceQuality "1"]

1. e4 c6 2. d4 d6 3. Bd3 Nd7 4. Ne2 e5 5. 0-0 Be7 6. c4 Ngf6 7. Nbc3 0-0 8. b4 exd4 9. Nxd4 Ne5 10. Kh1 c5 11. Nc2 Be6 12. bxc5 Nxc4 13. Nd4 Ne5 14. Nxe6 fxe6 15. Be2 dxc5 16. Qb3 Qc8 17. f4 Nc6 18. f5 Nd4 19. Qc4 Kh8 20. Be3 exf5 21. e5 Nd7 22. Bxd4 cxd4 23. Qxd4 Nxe5 24. Nd5 Nc6 25. Qf4 Bf6 26. Rac1 Be5 27. Qh4 Qd8 28. Qc4 Nd4 29. Nf4 Rc8 30. Qxc8 Qxc8 31. Rxc8 Rxc8 32. Bd3 Rc3 33. Re1 g6 0-1

[Event "American Continental 04th"]
[Site "Cali"]
[Date "2007.07.12"]
[Round "3"]
[White "Martinez, Julian"]
[Black "Alvarez, Javier"]
[Result "0-1"]
[WhiteElo "2251"]
[BlackElo "2100"]
[PlyCount "116"]
[EventDate "2007.07.10"]
[EventType "swiss"]
[EventRounds "11"]
[EventCountry "COL"]
[SourceTitle "CBM 119 Extra"]
[Source "ChessBase"]
[SourceDate "2007.09.04"]
[SourceVersion "1"]
[SourceVersionDate "2007.09.04"]
[SourceQuality "1"]

1. e4 c5 2. Nf3 d6 3. d4 cxd4 4. Nxd4 Nf6 5. Nc3 Nc6 6. Be2 e5 7. Nb3 Be7 8. Bg5 0-0 9. Qd2 h6 10. Bxf6 Bxf6 11. Rd1 Be7 12. Bc4 Be6 13. Bxe6 fxe6 14. 0-0 a6 15. Qe2 Rf6 16. Rd3 Qb6 17. Qe3 Qxe3 18. Rxe3 Nd4 19. Ne2 Nxe2+ 20. Rxe2 Rc8 21. Rd1 b6 22. Rd3 Rc6 23. Kf1 Rf4 24. Ke1 Kf8 25. Kd1 Ke8 26. Nd2 b5 27. a4 bxa4 28. Ra3 d5 29. Rxa4 Rb6 30. b3 Kd7 31. exd5 exd5 32. Rxe5 Rxf2 33. Rxd5+ Ke6 34. Rd3 Rxg2 35. Re4+ Kf7 36. Nc4 Re6 37. Rxe6 Kxe6 38. h3 Rg1+ 39. Kd2 Rg2+ 40. Kc1 Bg5+ 41. Nd2 h5 42. c4 a5 43. Kc2 Rh2 44. Rd5 Bf4 45. h4 g5 46. hxg5 h4 47. Kd3 Bxd2 48. g6 Kf6 49. c5 Kxg6 50. Rd6+ Kf5 51. c6 Bb4 52. Rd5+ Ke6 53. Rh5 Kd6 54. Rh6+ Kc7 55. Kc4 Rc2+ 56. Kb5 Rc5+ 57. Ka4 Be1 58. Re6 Bg3 0-1

[Event "Bogota Sub zt 2.3.4"]
[Site "Bogota"]
[Date "2006.12.21"]
[Round "6"]
[White "Alvarez, Javier"]
[Black "Buitrago Grajales, Juan Carlos"]
[Result "1-0"]
[WhiteElo "2071"]
[BlackElo "2172"]
[PlyCount "105"]
[EventDate "2006.12.18"]
[EventType "swiss"]
[EventRounds "9"]
[EventCountry "COL"]
[SourceTitle "CBM 116 Extra"]
[Source "ChessBase"]
[SourceDate "2007.03.07"]
[SourceVersion "1"]
[SourceVersionDate "2007.03.07"]
[SourceQuality "1"]

1. e4 e5 2. Nf3 Nc6 3. Bb5 a6 4. Ba4 Nf6 5. 0-0 Be7 6. Re1 b5 7. Bb3 d6 8. c3 0-0 9. d4 Bg4 10. Be3 Na5 11. Bc2 Nc4 12. Bc1 c5 13. b3 Nb6 14. dxc5 Bxf3 15. Qxf3 dxc5 16. Nd2 Qc7 17. Nf1 c4 18. Bb2 a5 19. Ne3 cxb3 20. axb3 Rfd8 21. Qe2 a4 22. Rac1 axb3 23. Bxb3 Nxe4 24. Nf5 Nc5 25. Qg4 g6 26. Nh6+ Kg7 27. c4 Bf6 28. Nf5+ Kf8 29. cxb5 Nbd7 30. Qc4 Ne6 31. Qxc7 Nxc7 32. Rxc7 gxf5 33. Rd1 Ke8 34. Bd5 Nb6 35. Bxf7+ Kf8 36. Rdc1 Rdc8 37. Rxc8+ Rxc8 38. Rxc8+ Nxc8 39. Be6 Nb6 40. Ba3+ Be7 41. Bb2 Bd6 42. Bxf5 Kg7 43. f4 Nc4 44. Bc3 h6 45. Be6 Na3 46. fxe5 Bc5+ 47. Kf1 Nxb5 48. Bb2 Nd4 49. Bd5 Kg6 50. Be4+ Kf7 51. Bc1 Bf8 52. Bf4 Ne6 53. Bd5 1-0

[Event "Bogota Sub zt 2.3.4"]
[Site "Bogota"]
[Date "2006.12.20"]
[Round "4"]
[White "Pena, Alfredo"]
[Black "Alvarez, Javier"]
[Result "1-0"]
[WhiteElo "2274"]
[BlackElo "2071"]
[PlyCount "111"]
[EventDate "2006.12.18"]
[EventType "swiss"]
[EventRounds "9"]
[EventCountry "COL"]
[SourceTitle "CBM 116 Extra"]
[Source "ChessBase"]
[SourceDate "2007.03.07"]
[SourceVersion "1"]
[SourceVersionDate "2007.03.07"]
[SourceQuality "1"]

1. e4 c5 2. Nf3 d6 3. d4 cxd4 4. Nxd4 Nf6 5. f3 Nc6 6. c4 e6 7. Nc3 Be7 8. Be3 d5 9. cxd5 exd5 10. Bb5 Bd7 11. exd5 Nb4 12. Bc4 Qc7 13. Qe2 0-0 14. a3 Rac8 15. Bb3 Qa5 16. Qd2 Qa6 17. Rd1 Rxc3 18. Qxc3 Nfxd5 19. Qd2 Bh4+ 20. g3 Re8 21. Kf2 Nxe3 22. gxh4 Nxd1+ 23. Rxd1 Nc6 24. Qf4 Nxd4 25. Bxf7+ Kh8 26. Qxd4 Qe2+ 27. Kg3 Bc6 28. Rd3 Rf8 29. Bh5 h6 30. Bg4 Qe1+ 31. Qf2 Qe5+ 32. f4 Qe4 33. Rd4 Rxf4 34. Rxe4 Rxf2 35. Kxf2 Bxe4 36. Ke3 Bc6 37. Kf4 Kg8 38. Ke5 Kf7 39. Kd6 Kg6 40. b4 Be4 41. Kc7 Kf6 42. Kb8 Ke5 43. Kxa7 Kd4 44. Kb6 Kc3 45. Bc8 Kb3 46. Bxb7 Bd3 47. Ba6 Be4 48. Kc5 Kxa3 49. b5 g5 50. hxg5 hxg5 51. b6 Kb2 52. Kd4 Bf3 53. b7 Bxb7 54. Bxb7 Kc2 55. Ke4 Kc3 56. Kf5 1-0

[Event "Pan American-ch U18"]
[Site "Cuenca"]
[Date "2006.08.??"]
[Round "7"]
[White "Alvarez, Javier"]
[Black "Gallego Alcaraz, Andres Felipe"]
[Result "0-1"]
[WhiteElo "2034"]
[BlackElo "2180"]
[PlyCount "46"]
[EventDate "2006.08.??"]
[EventType "swiss"]
[EventRounds "9"]
[EventCountry "ECU"]
[SourceTitle "EXT 2022"]
[Source "ChessBase"]
[SourceDate "2021.10.06"]
[SourceVersion "1"]
[SourceVersionDate "2021.10.06"]
[SourceQuality "1"]

1. e4 c5 2. Nf3 Nc6 3. Bb5 d6 4. 0-0 Bd7 5. Re1 Nf6 6. c3 a6 7. Bf1 Bg4 8. d3 Bxf3 9. Qxf3 g6 10. Qd1 Bg7 11. Nd2 0-0 12. Nf3 Nd7 13. Be3 b5 14. Qd2 Re8 15. g3 Rb8 16. d4 Qc7 17. Bg2 b4 18. Rec1 bxc3 19. bxc3 Qa5 20. Qe2 Qa3 21. Bh3 Red8 22. Rc2 Rb5 23. Rd1 Qa4 0-1